000 00498nam a2200181 a 4500
005 20140311163038.0
008 111010s19uu xx 00 eng d
020 _a9788131308028
050 _aHF 5415
_b.D533 2010
100 _aDhawan, Rohit
245 _aBrand management /
_cRohit Dhawan.
260 _aNew Delhi :
_bA P H Publishing Corporation,
_c2010.
300 _a266 p. :
_bill. ;
_c24 cm.
521 _aBSBA
650 _aProduct management
942 _cBK
_2lcc
_kFOR
999 _c39714
_d39714